|
|
|
|
| LEADER |
00000cam a2200000 a 4500 |
| 001 |
vtls010033954 |
| 003 |
SK-MaSNL |
| 005 |
20260302010944.0 |
| 008 |
240318s2009 xo g 000 fbslo |
| 015 |
|
|
|a SNBA2010/09-04724
|
| 020 |
|
|
|a 9788080857226
|q (viaz.)
|
| 035 |
|
|
|a 58E8987F-D4EC-4919-B848-CFD53A87C8FC
|
| 035 |
|
|
|a urn:nbn:sk:snk-amk1fh
|
| 035 |
|
|
|a urn:nbn:sk:snk-am0087ho
|
| 040 |
|
|
|a SNK
|b slo
|c SNK
|e AACR2
|
| 041 |
1 |
|
|a slo
|h spa
|
| 044 |
|
|
|a xo
|c SK
|
| 072 |
|
7 |
|a 821.134.2-3
|x Španielska próza, španielsky písaná
|2 konspekt
|
| 080 |
|
|
|a 821.134.2-31
|2 2011
|
| 080 |
|
|
|a (0:82-312.6)
|2 2011
|
| 080 |
|
|
|a (0:82-311.6)
|2 2011
|
| 100 |
1 |
|
|a Gálvez, Pedro,
|d 1940-
|4 aut
|9 406076
|
| 240 |
1 |
0 |
|a Diario de un emperador
|l Slovensky
|
| 245 |
1 |
0 |
|a Nero
|b cisárov denník
|c Pedro Gálvez ; zo španielčiny preložil Vladimír Oleríny ; editorka Mária Štefánková
|
| 246 |
3 |
0 |
|a Cisárov denník
|
| 250 |
|
|
|a [1. vyd.]
|
| 260 |
|
|
|a Bratislava
|b Slovart
|c 2009
|
| 300 |
|
|
|a 197 s.
|c 22 cm
|
| 600 |
0 |
7 |
|a Nero,
|c rímsky cisár,
|d 37-68
|2 SNKMA
|9 260881
|
| 655 |
|
7 |
|a španielske romány
|2 SNKPH
|9 70539
|
| 655 |
|
7 |
|a biografické romány
|2 SNKPH
|9 1532
|
| 655 |
|
7 |
|a historické romány
|2 SNKPH
|9 70253
|
| 655 |
|
7 |
|a Spanish fiction
|2 SNKPHeng
|9 297770
|
| 655 |
|
7 |
|a Biographical novels
|2 SNKPHeng
|9 278552
|
| 655 |
|
7 |
|a Historical novels
|2 SNKPHeng
|9 276887
|
| 700 |
1 |
|
|a Oleríny, Vladimír,
|d 1921-2016
|4 trl
|9 57415
|
| 700 |
1 |
|
|a Štefánková, Mária,
|d 1951-
|4 edt
|9 86067
|
| 852 |
|
|
|a Štátna vedecká knižnica v Banskej Bystrici
|
| 919 |
|
|
|a 978-80-8085-722-6
|
| 958 |
|
|
|a UP
|
| 958 |
|
|
|a LX
|
| 968 |
|
|
|b ESP
|d 821
|
| 999 |
|
|
|c 1004313
|d 1006243
|
| 952 |
|
|
|a SNK
|b SNK
|y PREZ
|7 0
|p 17A0643539
|o snkSC 138719
|i snk2010/1701
|8 0
|0 0
|1 0
|4 0
|d 2010-01-28
|l 0
|r 2017-06-30 00:00:00
|w 2026-02-24
|
| 952 |
|
|
|a SNK
|b SNK
|y PREZ
|7 0
|p 17A0646194
|o snkSC 138719 D1
|i snk2010/3516
|8 0
|0 0
|1 0
|4 0
|d 2010-02-22
|f 1
|l 0
|r 2026-02-24 12:31:13
|w 2026-02-24
|